| 000 | 00454nam a22001817a 4500 | ||
|---|---|---|---|
| 003 | MPLRDC | ||
| 005 | 20220104125620.0 | ||
| 008 | 210129b ||||| |||| 00| 0 eng d | ||
| 020 | _a978-7-80057-826-7 | ||
| 082 | _a226.9 DJZM | ||
| 100 | _a德吉卓玛 | ||
| 245 |
_a圣殿中的莲花 _c |
||
| 250 | _a一版一刷 | ||
| 260 |
_a中国 _b中国藏学出版社 _c2007 |
||
| 300 | _b242 | ||
| 650 | _a藏传佛教--信仰 | ||
| 942 |
_cBK _o226.9 DJZM |
||
| 999 |
_c28772 _d28762 |
||